00477nam a2200193 a 4500001001300000003000900013005001700022008004100039020001000080082001500090100002200105245001400127260003700141300000900178500003500187505001700222650002200239700002200261nice12345678IN_TiNIC20260116011520.0050524s1891 lona grp 000 0 eng  ac10000a939.4bRAW aRawlinson, George aPhoenicia aLondonbG.P. Putnam`s Sonsc1891 a376p aincludes index and biblioraphy2 aindex, illus aPhoenicia-History1 aRawlinson, George